<?xml version="1.0" encoding="UTF-8"?>
<record
    xmlns:xsi="http://www.w3.org/2001/XMLSchema-instance"
    xsi:schemaLocation="http://www.loc.gov/MARC21/slim http://www.loc.gov/standards/marcxml/schema/MARC21slim.xsd"
    xmlns="http://www.loc.gov/MARC21/slim">

  <leader>00879nam a22002417a 4500</leader>
  <controlfield tag="005">20150124125151.0</controlfield>
  <controlfield tag="008">131001t        mx||||| |||| 00| 0 spa d</controlfield>
  <datafield tag="020" ind1=" " ind2=" ">
    <subfield code="a">9786074562002</subfield>
  </datafield>
  <datafield tag="050" ind1="0" ind2="4">
    <subfield code="a">QH308.2</subfield>
    <subfield code="b">C35 2009</subfield>
  </datafield>
  <datafield tag="100" ind1="1" ind2=" ">
    <subfield code="a">Calixto Flores, Ra&#xFA;l</subfield>
  </datafield>
  <datafield tag="245" ind1="1" ind2="0">
    <subfield code="a">Biolog&#xED;a 1 /</subfield>
    <subfield code="c">Ra&#xFA;l Calixto Flores, Lucila Herrera Reyes, Ver&#xF3;nica D. Hern&#xE1;ndez Guzm&#xE1;n ; revisi&#xF3;n t&#xE9;cnica Luis Antonio Hern&#xE1;ndez Gir&#xF3;n. </subfield>
  </datafield>
  <datafield tag="250" ind1=" " ind2=" ">
    <subfield code="a">1a ed.</subfield>
  </datafield>
  <datafield tag="260" ind1=" " ind2=" ">
    <subfield code="a">M&#xE9;xico :</subfield>
    <subfield code="b">Editorial Progreso,</subfield>
    <subfield code="c">2009</subfield>
  </datafield>
  <datafield tag="300" ind1=" " ind2=" ">
    <subfield code="a">204 p. :</subfield>
    <subfield code="b">il. ;</subfield>
    <subfield code="c">27 cm.</subfield>
  </datafield>
  <datafield tag="500" ind1=" " ind2=" ">
    <subfield code="a">Basado en competencias</subfield>
  </datafield>
  <datafield tag="504" ind1=" " ind2=" ">
    <subfield code="a">Incluye &#xED;ndice</subfield>
  </datafield>
  <datafield tag="650" ind1=" " ind2="4">
    <subfield code="2">LEMB</subfield>
    <subfield code="a">Biolog&#xED;a</subfield>
    <subfield code="x">Libros de texto</subfield>
  </datafield>
  <datafield tag="650" ind1=" " ind2="7">
    <subfield code="2">LEMB</subfield>
    <subfield code="a">Biolog&#xED;a</subfield>
    <subfield code="x">Estudio y ense&#xF1;anza</subfield>
  </datafield>
  <datafield tag="700" ind1="1" ind2=" ">
    <subfield code="a">Herrera Reyes, Lucila,</subfield>
    <subfield code="e">coaut.</subfield>
  </datafield>
  <datafield tag="700" ind1="1" ind2=" ">
    <subfield code="a">Hern&#xE1;ndez Guzm&#xE1;n, Ver&#xF3;nica D.,</subfield>
    <subfield code="e">coaut.</subfield>
  </datafield>
  <datafield tag="700" ind1="1" ind2=" ">
    <subfield code="a">Hern&#xE1;ndez Gir&#xF3;n, Luis Antonio,</subfield>
    <subfield code="e">rev. tec.</subfield>
  </datafield>
  <datafield tag="942" ind1=" " ind2=" ">
    <subfield code="2">lcc</subfield>
    <subfield code="c">LIB</subfield>
  </datafield>
  <datafield tag="999" ind1=" " ind2=" ">
    <subfield code="c">42274</subfield>
    <subfield code="d">42274</subfield>
  </datafield>
  <datafield tag="952" ind1=" " ind2=" ">
    <subfield code="1">0</subfield>
    <subfield code="2">lcc</subfield>
    <subfield code="4">0</subfield>
    <subfield code="7">0</subfield>
    <subfield code="a">BACH-008</subfield>
    <subfield code="b">BACH-008</subfield>
    <subfield code="c">GENERAL</subfield>
    <subfield code="d">2013-10-01</subfield>
    <subfield code="e">Rec. prop. esc.</subfield>
    <subfield code="k">Ciencias naturales y exactas</subfield>
    <subfield code="o">QH308.2 C35 2009</subfield>
    <subfield code="p">BEPU000000989</subfield>
    <subfield code="r">2015-01-16 00:00:00</subfield>
    <subfield code="t">1</subfield>
    <subfield code="y">LIB</subfield>
  </datafield>
  <datafield tag="952" ind1=" " ind2=" ">
    <subfield code="1">0</subfield>
    <subfield code="2">lcc</subfield>
    <subfield code="4">0</subfield>
    <subfield code="7">0</subfield>
    <subfield code="a">BACH-008</subfield>
    <subfield code="b">BACH-008</subfield>
    <subfield code="c">GENERAL</subfield>
    <subfield code="d">2013-10-01</subfield>
    <subfield code="e">Rec. prop. esc.</subfield>
    <subfield code="k">Ciencias naturales y exactas</subfield>
    <subfield code="o">QH308.2 C35 2009</subfield>
    <subfield code="p">BEPU000000990</subfield>
    <subfield code="r">2015-01-16 00:00:00</subfield>
    <subfield code="t">2</subfield>
    <subfield code="y">LIB</subfield>
  </datafield>
</record>
